Könyvtár- és informatikai alapismeretek 3 SZTE Klebelsberg Könyvtár honlapja /
Ebben a leckében a hallgatók megismerkedhetnek a Klebelsberg Könyvtár honlapjával és a számukra relevánsabb részeivel.
Elmentve itt :
| Szerző: | |
|---|---|
| Dokumentumtípus: | Vegyes gyűjtemény |
| Megjelent: |
2020
|
| Tárgyszavak: | |
| Online Access: | http://eta.bibl.u-szeged.hu/3905 |
| LEADER | 00983noc a2200193 i 4500 | ||
|---|---|---|---|
| 001 | eta3905 | ||
| 005 | 20260305154024.0 | ||
| 008 | 201201s2020 hu o 000 hun d | ||
| 040 | |a SZTE Elektronikus Tananyag Archívum |b hun | ||
| 041 | |a hun | ||
| 100 | 1 | |a Fülöp Tiffany | |
| 245 | 1 | 0 | |a Könyvtár- és informatikai alapismeretek 3 |h [elektronikus dokumentum] : |b SZTE Klebelsberg Könyvtár honlapja / |c Fülöp Tiffany |
| 246 | 1 | 0 | |a Introduction to library and information science 3: SZTE Klebelsberg Library's website |h [elektronikus dokumentum] |
| 260 | |c 2020 | ||
| 520 | 3 | |a Ebben a leckében a hallgatók megismerkedhetnek a Klebelsberg Könyvtár honlapjával és a számukra relevánsabb részeivel. | |
| 650 | 4 | |a Könyvtártudomány | |
| 856 | 4 | 0 | |u https://eta.bibl.u-szeged.hu/3905/1/konyvtar_honlap.mp4 |z Dokumentum-elérés |
| 856 | 4 | 0 | |u https://eta.bibl.u-szeged.hu/3905/2/felirat.vtt |z Dokumentum-elérés |
| 856 | 4 | 0 | |u https://eta.bibl.u-szeged.hu/3905/3/felirat.html |z Dokumentum-elérés |